15 Seconds: Pooh Quiz Stats

 Plays Quiz not verified by Sporcle

Score 0/8 Timer 00:15
3 Plays Today
Pooh Character % Correct
Tigger
78.5%
Piglet
77%
Roo
73.1%
Kanga
69.1%
Owl
66.3%
Eeyore
63.6%
Rabbit
59.1%
Christopher Robin
56.3%

You're not logged in!

Compare scores with friends on all Sporcle quizzes.
OR
Log In

Show Comments

Extras

Top Quizzes Today


Score Distribution

Your Account Isn't Verified!

In order to create a playlist on Sporcle, you need to verify the email address you used during registration. Go to your Sporcle Settings to finish the process.

Report this User

Report this user for behavior that violates our Community Guidelines.

Details: